| 000 | 00564nam a22002057a 4500 | ||
|---|---|---|---|
| 003 | IT-MiCISF | ||
| 005 | 20241029143043.0 | ||
| 008 | 241029b |||||||| |||| 00| 0 eng d | ||
| 040 | _cIT-MiCISF | ||
| 041 | _ait | ||
| 100 |
_aUrbano Claudio, Mesagna Enzo, Lodigiani Rosangela _961088 |
||
| 245 |
_aCambiare lavoro, vivere meglio. _bE ridurre le disuguaglianze |
||
| 250 | _a"Il segno", n. 2, febbraio | ||
| 260 | _c2024 | ||
| 300 | _app. 16-18 | ||
| 500 | _alavoro, cambiamento, società | ||
| 650 | _aLavoro | ||
| 654 | _aarticolo | ||
| 942 |
_2ddc _cCR |
||
| 999 |
_c360248 _d360248 |
||